Batis : (Record no. 357898)
[ view plain ]
| 000 -LEADER | |
|---|---|
| fixed length control field | 00510nam a2200145Ia 4500 |
| 008 - FIXED-LENGTH DATA ELEMENTS--GENERAL INFORMATION | |
| fixed length control field | 180523s9999 xx 000 0 und d |
| 020 ## - INTERNATIONAL STANDARD BOOK NUMBER | |
| International Standard Book Number | 9789719809326 |
| 100 ## - MAIN ENTRY--PERSONAL NAME | |
| Personal name | Torres, Jose Victor |
| 245 ## - TITLE STATEMENT | |
| Statement of responsibility, etc | Jose Victor Torres. |
| Title | Batis : |
| Remainder of title | sources in the Philippine history/ |
| 260 ## - PUBLICATION, DISTRIBUTION, ETC. (IMPRINT) | |
| Place of publication, distribution, etc | Quezon City : |
| Name of publisher, distributor, etc | C & E Publishing |
| Date of publication, distribution, etc | 2018 |
| 300 ## - PHYSICAL DESCRIPTION | |
| Extent | ix, 321 pages : |
| Other physical details | illustrations ; |
| Dimensions | cm. |
| 500 ## - GENERAL NOTE | |
| General note | Includes bibliography and index. |
| 650 ## - SUBJECT ADDED ENTRY--TOPICAL TERM | |
| Topical term or geographic name as entry element | Philippines-- History. |
| 650 ## - SUBJECT ADDED ENTRY--TOPICAL TERM | |
| Topical term or geographic name as entry element | Philippines-- Politics and government. |
| Withdrawn status | Lost status | Damaged status | Home library | Current library | Shelving location | Date acquired | Source of acquisition | Total Checkouts | Total Renewals | Full call number | Barcode | Date last seen | Date checked out | Price effective from | Koha item type |
|---|---|---|---|---|---|---|---|---|---|---|---|---|---|---|---|
| College Library | College Library | Filipiniana Section | 05/23/2018 | 2 | 9 | DS 668 .T67 2018 | C21515 | 11/28/2024 | 09/20/2023 | 05/23/2018 | Books |